Statistics for Sestieri of Venice

Click here to take the quiz!

General Stats

  • This quiz has been taken 27 times
  • The average score is 4 of 6

Answer Stats

Answer% Correct
San Marco
91%
San Polo
65%
Cannareggio
52%
Castello
52%
Santa Croce
52%
Dorsoduro
43%

Score Distribution

Percentile by Number Answered

Percent of People with Each Score

Your Score History

You have not taken this quiz